Money, banking, international trade and public finance / (Record no. 96189)

MARC details
000 -LEADER
fixed length control field 00936nam a22002417a 4500
005 - DATE AND TIME OF LATEST TRANSACTION
control field 20230628163532.0
010 ## - LCCN (DPL NO)
LC control number 1516EN07 ENG-116122
020 ## - INTERNATIONAL STANDARD BOOK NUMBER
International Standard Book Number 9788184881059
Terms of availability 1500.00
035 ## - SYSTEM CONTROL NUMBER
System control number B-601913-924
035 ## - SYSTEM CONTROL NUMBER
System control number EN-99654
037 ## - SOURCE OF ACQUISITION
Stock number DPL
Source of stock number/acquisition Himalaya Publishing House
037 ## - SOURCE OF ACQUISITION
Source of stock number/acquisition DBAD/PUB
082 ## - DEWEY DECIMAL CLASSIFICATION NUMBER
Classification number 332.1
100 ## - MAIN ENTRY--PERSONAL NAME
Personal name Mithani, D.M.
245 ## - TITLE STATEMENT
Title Money, banking, international trade and public finance /
Statement of responsibility, etc by D.M. Mithani
250 ## - EDITION STATEMENT
Edition statement 17th rev ed
260 ## - PUBLICATION, DISTRIBUTION, ETC. (IMPRINT)
Place of publication, distribution, etc New Delhi
Name of publisher, distributor, etc Himalaya Publishing House
Date of publication, distribution, etc 2014-15
270 ## - ADDRESS
Address Pooja Apartments, 4-B, Murari Lal Street, Ansari Road Dariy Ganj
City New Delhi
Postal code 110002
300 ## - PHYSICAL DESCRIPTION
Extent 731p.
Other physical details 27cm(Hb)
700 ## - ADDED ENTRY--PERSONAL NAME
Dates associated with a name .
942 ## - ADDED ENTRY ELEMENTS (KOHA)
Source of classification or shelving scheme Dewey Decimal Classification
Item type English Books
Classification part 332.1
Call number suffix MIT
Holdings
Withdrawn status Lost status Not for loan Collection code Home library Current library Date acquired Source of acquisition Cost, normal purchase price Full call number Barcode Copy number Cost, replacement price Koha item type
      Non-fiction Andrews Gunj Andrews Gunj 14/03/2016 A451324/29.9.2015/117/16.9.2015/30.9.2015 1500.00 332.1 MIT B-601920 1 1500.00 English Books
      Non-fiction Karol Bagh Bawana 14/03/2016 A451324/29.9.2015/117/16.9.2015/30.9.2015 1500.00 332.1 MIT B-601924 1 1500.00 English Books
      Non-fiction Central Library Central Library 14/03/2016 A451324/29.9.2015/117/16.9.2015/30.9.2015 1500.00 332.1 MIT B-601913 1 1500.00 English Books
    Not For Loan Reference Central Library Central Library 14/03/2016 A451324/29.9.2015/117/16.9.2015/30.9.2015 1500.00 332.1 MIT B-601914 1 1500.00 English Books
    Not For Loan Reference Central Library Central Library 28/09/2016 DBAD/PUB 1500.00 332.1 MIT EN-99654 1 1500.00 English Books
      Non-fiction Janak Puri Janak Puri 14/03/2016 A451324/29.9.2015/117/16.9.2015/30.9.2015 1500.00 332.1 MIT B-601917 1 1500.00 English Books
      Non-fiction New Police Line New Police Line 14/03/2016 A451324/29.9.2015/117/16.9.2015/30.9.2015 1500.00 332.1 MIT B-601915 1 1500.00 English Books
      Non-fiction Patel Nagar Patel Nagar 14/03/2016 A451324/29.9.2015/117/16.9.2015/30.9.2015 1500.00 332.1 MIT B-601916 1 1500.00 English Books
      Non-fiction R.K.Puram-8 R.K.Puram-8 14/03/2016 A451324/29.9.2015/117/16.9.2015/30.9.2015 1500.00 332.1 MIT B-601919 1 1500.00 English Books
      Non-fiction Sarojini Nagar Sarojini Nagar 14/03/2016 A451324/29.9.2015/117/16.9.2015/30.9.2015 1500.00 332.1 MIT B-601918 1 1500.00 English Books
      Non-fiction Sarojini Nagar Sarojini Nagar 14/03/2016 A451324/29.9.2015/117/16.9.2015/30.9.2015 1500.00 332.1 MIT B-601921 1 1500.00 English Books
      Non-fiction Sarojini Nagar Sarojini Nagar 14/03/2016 A451324/29.9.2015/117/16.9.2015/30.9.2015 1500.00 332.1 MIT B-601922 1 1500.00 English Books
      Non-fiction Vinoba Puri Vinoba Puri 14/03/2016 A451324/29.9.2015/117/16.9.2015/30.9.2015 1500.00 332.1 MIT B-601923 1 1500.00 English Books

© Delhi Public Library
Hit Counter
free hit counter